000 00558nam a2200193 i 4500
001 76611
003 ES-MaACL
005 20250725062535.0
007 t|
008 041004s1972 sp a |||| | spa d
245 0 0 _aGuía del profesor de física /
_c[traducida y adaptada por J. Aguilar Peris].
250 _aEd. internacional.
260 _aBarcelona :
_bReverti,
_c1972.
300 _a105 p. :
_bil. ;
_c22 cm.
650 0 7 _aFísica
_2embne
_912877
700 1 _aAguilar Peris, José.
_918743
852 _aES-MaACL
_jC-47339
999 _c76611
_d76611